00454nam a22001697a 450000500170000000800410001702000150005804000070007304100120008008200210009210000170011324500240013026000510015430000280020565000320023370000190026520221220134908.0221220b ||||| |||| 00| 0 eng d a8187741015 cAL aEnglish 223a823.92bABRB aAlex Abraham aBreakfast in China  aCochinbPanthera Imprint Private Limitedc2002 a208 p.bPBc21.5x14 cm. aCollection of Short Stories aABRAHAM (Alex)